[Event "LSS CP-2009-P-00060"]
[Site "LSS email"]
[Date "2009.09.27"]
[Round "?"]
[White "Meshkov, Aleksei"]
[Black "Laureles, Raymundo"]
[Result "1-0"]
[WhiteElo "1751"]
[BlackElo "1322"]
[PlyCount "69"]
[EventDate "2009.10.01"]
[EventType "tourn (corr)"]
[EventRounds "6"]
[EventCountry "GER"]
[SourceTitle "Telechess CBM 137"]
[Source "ChessBase"]
[SourceDate "2010.07.15"]
[SourceVersion "1"]
[SourceVersionDate "2010.07.15"]
[SourceQuality "1"]

1. e4 e6 2. d4 d5 3. Nc3 Bb4 4. e5 c5 5. a3 Bxc3+ 6. bxc3 Ne7 7. Nf3 Nbc6 8. Rb1 Qc7 9. Be2 cxd4 10. cxd4 Qa5+ 11. Bd2 Qxa3 12. Rb3 Qa4 13. Bb5 Qa2 14. Qc1 Nf5 15. Ra3 Qxa3 16. Qxa3 Bd7 17. Bxc6 Bxc6 18. g4 Ne7 19. Bg5 Ng6 20. Nh4 Kd7 21. Nxg6 hxg6 22. Qe7+ Kc8 23. Qxf7 Bd7 24. Qxg7 Kc7 25. Qxg6 a5 26. Bf6 Rhg8 27. Qh5 a4 28. 0-0 b5 29. g5 a3 30. Qf7 a2 31. Ra1 Rgf8 32. Qe7 Rfb8 33. Qd6+ Kc8 34. g6 Ra4 35. g7 1-0

[Event "LSS CP-2009-P-00060"]
[Site "LSS email"]
[Date "2009.09.27"]
[Round "?"]
[White "Pintor, Manuel Abranches"]
[Black "Meshkov, Aleksei"]
[Result "1-0"]
[WhiteElo "2156"]
[BlackElo "1749"]
[PlyCount "49"]
[EventDate "2009.10.01"]
[EventType "tourn (corr)"]
[EventRounds "6"]
[EventCountry "GER"]
[SourceTitle "Telechess CBM 141"]
[Source "ChessBase"]
[SourceDate "2011.03.17"]
[SourceVersion "1"]
[SourceVersionDate "2011.03.17"]
[SourceQuality "1"]

1. e4 c5 2. Nc3 Nc6 3. g3 Nf6 4. Bg2 e6 5. d3 d5 6. exd5 exd5 7. Nge2 d4 8. Ne4 Nxe4 9. Bxe4 Bd6 10. 0-0 Bg4 11. f3 Bh3 12. Rf2 0-0 13. c3 Rb8 14. cxd4 cxd4 15. Bf4 Re8 16. Rc1 Bxf4 17. Nxf4 Bd7 18. Qa4 Re5 19. Qb3 a6 20. a4 Ra5 21. Rfc2 Ne5 22. Rc5 Bxa4 23. Qa3 Bb5 24. Qb4 Nc6 25. Qd2 1-0